01845nam a2200241Ia 450000500170000000800410001704000440005804100080010208200140011010000440012424502910016826000800045930000580053950003620059750504140095950600210137365000190139465000300141365000260144365000290146970000570149870000480155520190125085612.0130821s1878 sp fr 1 spa d aCo-BoUCMbspacSandra YazodSandra Yazo1 aspa04a291.22201 aCaussette, Jean-Baptisted1819-1880‏ 13aEl buen sentido de la FébExpuesto en contestación á las objeciones filosóficas y científicas del díacpor el R. P. Caussette ... ; versión castellana del Dr. D. Cayetano Vidal y de Valenciano ... ; con un prólogo-censura del I. Sr. D. Buenaventura Ribas y Quintana ... aBarcelona (España)bLibrería de la viuda é hijos de J. Subiranac1878 a2 volúmenes (xvi, 487 ; 488 páginas)c23 x 15 cm. aDetalles físicos: Encuadernación rígida (española) en cartón forrado en cuero. Lomo con tejuelos, adornos en dorado. Guardas en papel de agua. Anteportada. Portada impresa en una sola tinta. Prólogo. Licencias y permisos. Texto impreso en una columna con diferentes tipos y tamaños de letra. Notas al pie de página. Papel con algunas manchas0 aV.1: La afirmación: La naturaleza del hombre reclama una religión sobrenatural -- La verdadera religión sobrenatural es el cristianismo -- El verdadero cristianismo es el catolicismo -- Conclusión -- V.2: La negación: De la incredulidad engendrada por las pasiones -- De la incredulidad proveniente de las imperfecciones del espíritu -- De la incredulidad resultante del especialismo científico aConsulta en sala 7aApologética  7aFilosofía y religión  7aCiencia y religión  7aFe xAspectos religiosos1 aRibas y Quintana, Buenaventuraeprólogod1830-19031 aVidal y de Valenciano, Cayetano etraductor